[Event "CD Meyer Gedenkturnier 2020"]
[Site "Bremen"]
[Date "2020.10.14"]
[Round "5.7"]
[White "Kardoeus, David"]
[Black "Wachinger, Nikolas"]
[Result "0-1"]
[WhiteElo "2172"]
[BlackElo "2334"]
[Annotator "TA"]
[PlyCount "64"]
[EventDate "2020.10.10"]
[EventType "swiss"]
[EventCountry "GER"]
[SourceTitle "playchess.com"]
[Source "ChessBase"]
[SourceQuality "1"]

{[%evp 14,64,20,16,21,15,23,-8,20,11,17,-23,37,-72,10,-17,-19,-33,0,-168,-194,-176,-180,-315,-312,-613,-616,-589,-529,-622,-573,-720,-722,-712,-689,-798,-783,-796,-795,-789,-753,-749,-645,-612,-592,-986,-986,-979,-968,-906,-897,-1279,-1232]} 1. d4 Nf6 2. c4 Nc6 3. Nf3 e6 4. Nc3 Bb4 5. Qc2 d6 6. Bd2 e5 7. d5 Bxc3 8. Bxc3 Ne7 {E33: Nimzo-Indian: Classical: 4...Nc6.} 9. e4 O-O 10. O-O-O {[#]} Nd7 $146 {The position is equal.} ({Predecessor:} 10... Nh5 11. Ne1 f5 12. Be2 Nf4 13. Bf3 b5 14. cxb5 a6 15. bxa6 Rxa6 16. a3 fxe4 17. Bxe4 {0-1 (24) Alvarez Villar,H-Simmelink,J IECG email 1999}) 11. g4 Nc5 12. h3 Ng6 (12... a5 $11) 13. Be2 {[#]} (13. Ne1 $14 {keeps the upper hand.}) 13... a6 ({Black should try} 13... Qf6 $1 $17) 14. Rdg1 b5 {[%cal Bb7b5,Bb5c4][%mdl 32]} 15. h4 Nf4 16. g5 $2 {White is on the road to losing.} (16. Bb4 $11 {and White stays safe.}) 16... f5 $19 17. gxf6 Qxf6 18. Bd1 (18. Bf1 {is a better defense.}) 18... bxc4 19. Rg5 $2 (19. Nd2 Bd7 20. Rg3) 19... Nfd3+ {Black is clearly winning.} 20. Kb1 Nxe4 {[%mdl 64] [#] Double Attack} 21. Rg2 Bf5 22. Rhg1 Nxc3+ 23. Qxc3 Nf4+ 24. Ka1 Nxg2 25. Rxg2 Be4 26. Rg3 Bxf3 27. Bxf3 e4 28. Bxe4 Rae8 29. Re3 Qxc3 30. bxc3 Rxf2 31. Bxh7+ Kf8 ({Weaker is} 31... Kxh7 32. Rxe8 Rf4 33. Re7 $17) 32. Be4 Rf4 {[%mdl 64] Double Attack. Av CentiPawn Loss W=-86/B=-22. Weighted=-124/-28} 0-1

[Event "CD Meyer Gedenkturnier 2020"]
[Site "Bremen"]
[Date "2020.10.14"]
[Round "5.8"]
[White "Lubbe, Nikolas"]
[Black "Lubbe, Melanie"]
[Result "1/2-1/2"]
[WhiteElo "2443"]
[BlackElo "2254"]
[Annotator "TA"]
[PlyCount "44"]
[EventDate "2020.10.10"]
[EventType "swiss"]
[EventCountry "GER"]
[SourceTitle "playchess.com"]
[Source "ChessBase"]
[SourceQuality "1"]

{[%evp 27,30,23,15,23,26]} 1. e4 e5 2. Nf3 Nc6 3. Bc4 Nf6 4. d4 exd4 5. O-O Nxe4 6. Re1 d5 7. Bxd5 Qxd5 8. Nc3 Qa5 9. Nxe4 Be6 10. Neg5 O-O-O 11. Nxe6 fxe6 12. Rxe6 Bd6 13. Bg5 Rde8 $1 {13...Rde8 scores better than 13...Rdf8.} 14. Qe2 Kd7 15. Rxe8 {C56: Two Knights: 4 d4 exd4 5 0-0 Nxe4.} Rxe8 {[#] A rather calm draw.} {Predecessor:} 16. Qd3 $146 g6 17. Bd2 Qd5 18. c3 Ne5 19. Nxe5+ Qxe5 20. Qh3+ Qf5 21. Qxf5+ gxf5 22. cxd4 Re4 {0-1 (44) Fawzy,A (2475)-Amin,B (2667) Hammamet 2020} 1/2-1/2

[Event "CD Meyer Gedenkturnier 2020"]
[Site "Bremen"]
[Date "2020.10.14"]
[Round "5.9"]
[White "Rafiee, Makan"]
[Black "Colbow, Collin"]
[Result "1/2-1/2"]
[WhiteElo "2336"]
[BlackElo "2247"]
[Annotator "TA"]
[PlyCount "88"]
[EventDate "2020.10.10"]
[EventType "swiss"]
[EventCountry "GER"]
[SourceTitle "playchess.com"]
[Source "ChessBase"]
[SourceQuality "1"]

{[%evp 11,88,17,27,22,23,4,20,16,30,22,79,70,91,75,82,50,79,79,101,66,74,35,20,28,34,34,9,9,20,15,15,15,21,0,0,0,8,0,0,-10,4,4,0,0,0,0,15,0,0,0,15,0,0,0,0,0,0,0,0,0,0,0,0,0,0,0,0,0,0,0,0,0,0,0,0,0,0,0,0]} 1. e4 e5 2. Nf3 Nc6 3. Bc4 Bc5 4. c3 Nf6 5. d3 a6 6. O-O Ba7 7. Nbd2 {C54: Giuoco Piano: 4 c3 Nf6, main lines with 5 d4 and 5 d3.} O-O 8. a4 {[%cal Ba2a4,Ba4a5][%mdl 32] 8.h3 is setting a new trend.} d5 9. exd5 Nxd5 10. Re1 {[#]} Re8 $146 (10... f6 $11 {remains equal.}) ({Predecessor:} 10... Nf4 11. Ne4 Bg4 12. h3 Bh5 13. Ng3 Bg6 14. d4 Re8 15. b4 Nh5 16. Nxh5 Bxh5 {1-0 (38) Deac,B (2573)-Sachdev,T (2392) Abu Dhabi 2017}) 11. Ne4 $16 Bg4 12. a5 Qd7 13. Qb3 Nf4 14. Bxf4 ({But not} 14. Qxb7 $2 Bxf3 15. gxf3 Reb8 $19) 14... exf4 15. Ned2 {Strongly threatening Rxe8+.} (15. Neg5 {with more complications.} Bh5 16. Rxe8+ Rxe8 17. Qxb7 h6 18. Nxf7 Bxf7 19. Bxf7+ Kxf7 20. Qxa6 Kg8 21. b4) 15... Rxe1+ 16. Rxe1 (16. Nxe1 $5 {[%cal Rb3b7]} Rb8 17. h3 $14) 16... Nxa5 {[#]} 17. Bxf7+ $1 {[%mdl 576] Decoy} Qxf7 18. Qxf7+ Kxf7 19. Ne5+ {[%mdl 64] Double Attack. The position is equal.} Kf8 {White must now prevent ...Re8.} 20. Nxg4 Rd8 21. Ne5 Nc6 22. Ndf3 Nxe5 23. Nxe5 $11 {[%mdl 4096] Endgame KRB-KRN} c5 24. Re4 Bb8 25. Kf1 Bxe5 26. Rxe5 Rxd3 27. Rxc5 {KR-KR} Rd2 28. b4 Rc2 29. Rc8+ Kf7 30. Rc7+ Kg8 31. Rxb7 Rxc3 32. Ke2 Rb3 33. h4 a5 34. b5 h6 35. b6 Kh7 36. Ra7 Rxb6 37. Rxa5 Kg6 38. Kf3 Rb4 39. h5+ Kf6 40. Kg4 Ke6 41. Ra6+ Kf7 42. Ra7+ Kf6 43. Ra8 Kf7 44. Ra5 Ke6 {Av CentiPawn Loss W=-6/B=-5. Weighted=-6/-4} 1/2-1/2

[Event "CD Meyer Gedenkturnier 2020"]
[Site "Bremen"]
[Date "2020.10.14"]
[Round "5.10"]
[White "Coll Ortega, Jordi"]
[Black "Pajeken, Jakob Leon"]
[Result "0-1"]
[WhiteElo "2268"]
[BlackElo "2332"]
[Annotator "TA"]
[PlyCount "134"]
[EventDate "2020.10.10"]
[EventType "swiss"]
[EventCountry "GER"]
[SourceTitle "playchess.com"]
[Source "ChessBase"]
[SourceQuality "1"]

{[%evp 22,134,11,18,0,0,20,0,0,-6,0,-29,-30,-103,-85,-110,-89,-82,-82,-102,0,-91,0,0,20,0,0,0,0,0,316,325,325,304,305,285,294,277,208,3,5,0,0,0,0,0,0,0,0,0,0,0,139,0,14,0,0,0,19,0,0,0,0,0,0,0,0,0,0,0,0,0,0,0,0,0,0,-29975,-29976,-29976,-29974,-29974,-29975,-29975,-29976,-29979,-29980,-29980,-29981,-29981,-29982,-29982,-29983,-29983,-29984,-29984,-29984,-29985,-29986,-29986,-29987,-29986,-29988,-29991,-29992,-29992,-29990,-29990,-29991,-29992,-29993,-29993,-29994,-29996,0]} 1. e4 e5 2. Nf3 Nc6 3. Bc4 Bc5 4. O-O Nf6 5. d3 a6 6. c3 d6 7. Re1 Ba7 8. Bb3 O-O 9. h3 h6 10. Nbd2 Nh5 {10...Nh5 has become a bit dusty these days.} 11. Nf1 Qf6 12. Be3 Bxe3 {C54: Giuoco Piano: 4 c3 Nf6, main lines with 5 d4 and 5 d3.} 13. fxe3 Qe7 14. g4 Nf6 {The position is equal.} 15. Ng3 g6 16. Rf1 Na5 17. Bc2 {[#]} (17. Kg2 $11) 17... h5 $146 ({Predecessor:} 17... c5 18. d4 cxd4 19. exd4 Bd7 20. Rf2 Kg7 21. Bd3 Rac8 22. Qd2 Nh7 23. Kg2 b5 {½-½ (40) Xu,Y (2478)-Vladimirov,Y (2623) Dubai 2005}) 18. Nh2 Nh7 19. Kg2 hxg4 20. hxg4 Qh4 (20... Kg7 $17 21. Nh1 Rh8) 21. Nh1 (21. Rh1 $1 $11) 21... Ng5 (21... f5 $17 {Strongly threatening ...Ng5.} 22. exf5 gxf5) 22. Nf2 $1 $11 f5 23. exf5 gxf5 24. Rh1 Nh3 $1 ({Don't blunder} 24... f4 $2 25. Nf1 $18) 25. Qe1 $1 f4 $4 {[%mdl 8192]} (25... Nxf2 $11 26. Qxf2 Qxf2+ 27. Kxf2 fxg4+ 28. Kg3 Kg7) 26. Nxh3 $18 f3+ 27. Nxf3 Qxg4+ 28. Qg3 {Black must now prevent Nhg5.} Rxf3 {[%csl Gf3][%cal Rg4g3]} 29. Qxg4+ Bxg4 30. Bd1 $2 ({Only move:} 30. Nf2 $1 $18 {[%cal Rf2g4]} Rxe3 31. Bb3+ Nxb3 32. Nxg4) 30... Raf8 $11 31. Bxf3 Bxf3+ 32. Kg3 Bxh1 33. Rxh1 {[%mdl 4096] Endgame KRN-KRN} e4 34. dxe4 Nc4 35. Ng5 Rf6 36. b3 Nxe3 {[#]} (36... Ne5 $11 {keeps the balance.}) 37. Re1 (37. Rh7 $1 $16) 37... Nf1+ 38. Kg4 {aiming for Nf3.} Nh2+ 39. Kg3 Nf1+ 40. Kg4 {Nf3 is the strong threat.} Nh2+ 41. Kg3 Rg6 42. Kxh2 {Hoping for Rg1.} Rxg5 43. Rg1 Rxg1 44. Kxg1 {KP-KP} Kf7 45. Kf2 Ke6 46. Kf3 Ke5 47. Ke3 a5 48. a3 b5 49. a4 $2 {[%mdl 8192]} (49. Kd3 $11) 49... bxa4 {Black mates.} 50. bxa4 {K3P-K3P} c6 51. Kd3 {[#]} d5 $1 52. exd5 Kxd5 {KPP-KPP} 53. Kd2 Kc4 54. Kc2 c5 55. Kd2 Kb3 56. Kd3 Kxa4 {KPP-KP} 57. Kc4 Ka3 58. Kxc5 {KP-KP} Kb3 59. Kb5 a4 60. c4 a3 61. c5 a2 62. Kb6 a1=Q 63. c6 Qa8 64. Kc7 Kc4 65. Kd7 Kd5 66. c7 {[#]} Qb7 $1 67. Kd8 Ke5 $2 {[%mdl 32768] Never resign too early! Av CentiPawn Loss W=-34/B=-14. Weighted=-40/-26. Sensor Board Error (Ke4/e5)?} (67... Kd6 {mates} 68. c8=N+ Ke6 69. Nb6 Qc6 70. Nc8 Qd7#) 0-1

[Event "CD Meyer Gedenkturnier 2020"]
[Site "Bremen"]
[Date "2020.10.14"]
[Round "5.11"]
[White "Steffens, Olaf"]
[Black "Papp, Sarah"]
[Result "1-0"]
[WhiteElo "2171"]
[BlackElo "2327"]
[Annotator "TA"]
[PlyCount "73"]
[EventDate "2020.10.10"]
[EventType "swiss"]
[EventCountry "GER"]
[SourceTitle "playchess.com"]
[Source "ChessBase"]
[SourceQuality "1"]

{[%evp 9,73,-53,-51,-74,-41,-48,-13,-23,27,20,45,-74,-78,-115,-91,-108,-104,-115,-50,-75,-27,-101,-44,-83,-72,-73,-26,-80,-47,-63,-18,-166,-158,-154,-154,-232,-241,-239,-233,-230,-233,-223,-223,-213,-118,-122,-67,-87,0,0,0,-10,0,0,10,-31,85,-27,219,230,342,343,5302,5218,29997,29998]} 1. c3 Nf6 2. Qa4 c5 3. g4 ({Predecessor:} 3. e4 Nc6 4. Nf3 Qc7 5. Na3 e5 6. Bc4 Be7 7. O-O O-O 8. Re1 d6 9. h3 Bd7 {0-1 (61) Benko,F (2170)-German,S (2275) Buenos Aires 1995}) 3... Nc6 4. Bg2 g6 5. g5 Nh5 6. Bf3 {A00: Irregular Openings.} Ng7 7. d3 e5 8. h4 {The position is equal.} Ne6 9. Nd2 d5 10. Nh3 (10. c4 $14 {keeps the upper hand.} Nc7 11. cxd5 Nxd5 12. Nc4) 10... Nc7 $17 11. Nf1 Be6 12. a3 Qd7 13. Bg2 Bg7 (13... Bd6 $17 14. h5 O-O-O) 14. Be3 d4 15. Bd2 (15. cxd4 $11 {keeps the balance.} cxd4 16. Bd2) 15... Rc8 (15... O-O $17 16. Ng3 b5) 16. Ng3 b5 17. Qc2 Nd5 18. h5 (18. c4 $11 bxc4 19. dxc4) 18... c4 19. Ne4 Na5 20. Ng1 (20. h6 $11 Bf8 21. cxd4) 20... Nb3 $19 21. Rd1 O-O 22. Nf3 (22. Kf1 $17) 22... Nxd2 23. Qxd2 Nf4 24. Kf1 cxd3 (24... gxh5 25. Nxd4 $1 {[%mdl 512]} cxd3 26. Nxe6 $17) (24... Nxh5 25. Rxh5 $1 {[%mdl 512]} gxh5 26. Nf6+ Bxf6 27. gxf6 $16) 25. exd3 dxc3 ({Don't take} 25... gxh5 26. Nxd4 $1 {[%mdl 512]} Bg4 27. f3) (25... Nxh5 26. Rxh5 $1 {[%mdl 512]} dxc3 27. bxc3 $11) 26. bxc3 Bd5 ({And not} 26... Nxh5 {[#]} 27. Rxh5 $1 {[%mdl 512]} gxh5 28. Nf6+ Bxf6 29. gxf6 $11) (26... gxh5 $19 27. Nf6+ Bxf6 28. gxf6 Qd8 29. Nxe5 Qxf6) 27. Nxe5 $17 Bxe5 {[#]} (27... Qf5 $17 28. Nd7 Bxc3 29. Ndf6+ Kg7 30. Qxf4 {[%mdl 64] Remove Defender} Qxf4 31. Nxd5 Qe5 32. Nexc3 Qxg5) 28. Qxf4 $1 $15 {[%mdl 512]} Bxe4 (28... Bxf4 $17 29. Nf6+ {[%mdl 64] Double Attack} Kg7 30. Nxd7 Bxg2+ 31. Kxg2 Rfd8 32. h6+ Kh8) 29. Qxe4 $11 {Threatens to win with hxg6.} Qd6 ({But not} 29... Bxc3 $2 30. Bh3 $18) 30. Qh4 {Strongly threatening hxg6.} Rc7 31. d4 Rd8 32. Re1 Bf4 (32... Bg7 $1 $15) 33. d5 (33. Rh3 $16) 33... Bd2 $2 {[#]} (33... Be5 $11) 34. hxg6 $1 $40 {[%mdl 640] White is out for blood.} Qxg6 (34... fxg6 $142 35. Re6 Qf4) 35. Be4 Qg7 $2 (35... Rc4 36. Bxg6 Rxh4 37. Rxh4 fxg6) 36. Bxh7+ Kf8 37. Qb4+ $1 {[%mdl 64] Double Attack. Quite a comeback for White. Av CentiPawn Loss W=-27/B=-103. Weighted=-34/-78} 1-0

[Event "CD Meyer Gedenkturnier 2020"]
[Site "Bremen"]
[Date "2020.10.15"]
[Round "6.1"]
[White "Donchenko, Alexander"]
[Black "Edouard, Romain"]
[Result "1/2-1/2"]
[WhiteElo "2658"]
[BlackElo "2645"]
[Annotator "TA"]
[PlyCount "57"]
[EventDate "2020.10.10"]
[EventType "swiss"]
[EventCountry "GER"]
[SourceTitle "playchess.com"]
[Source "ChessBase"]
[SourceQuality "1"]

{[%evp 18,57,31,49,52,60,56,60,55,62,62,50,39,32,65,39,62,37,53,0,0,0,0,0,0,0,0,-17,0,0,0,0,-11,-15,-18,-17,-33,-17,-27,-18,-21,-20]} 1. d4 Nf6 2. c4 e6 3. Nf3 c5 4. d5 d6 5. Nc3 exd5 6. cxd5 g6 7. Bf4 a6 8. a4 Bg7 9. h3 O-O 10. e3 Re8 {10...Ne8 is a critical line. A61: Modern Benoni: Nf3 without early e4.} 11. Nd2 Nfd7 12. Be2 Ne5 {White is slightly better.} 13. O-O Nbd7 14. Bh2 {Hoping for f4.} f5 15. a5 Rb8 16. Re1 {[#]} Nf7 $146 ({Predecessor:} 16... b5 17. axb6 Nxb6 18. Qc2 Bb7 19. Bxa6 Nxd5 20. Bxe5 dxe5 21. Bxb7 Rxb7 22. Nxd5 Qxd5 {0-1 (68) Sar,C (1891)-Gunduz,U (2193) Antalya 2020}) 17. Bd3 Nde5 18. Bc2 (18. Bf1 $14) 18... b5 $11 19. axb6 $1 Rxb6 20. Rb1 Rb4 21. Na2 Rb8 22. Qe2 Bd7 23. Nc3 {f4 is the strong threat.} Bb5 24. Nxb5 axb5 25. e4 {[#]} Nc4 $1 {[%mdl 512]} 26. Nxc4 bxc4 27. Qxc4 Rb4 28. Qa6 fxe4 29. Bf4 {Av CentiPawn Loss W=-6/B=0. Weighted=-5/0} 1/2-1/2

[Event "CD Meyer Gedenkturnier 2020"]
[Site "Bremen"]
[Date "2020.10.15"]
[Round "6.2"]
[White "Papp, Gabor"]
[Black "Fier, Alexandr"]
[Result "1/2-1/2"]
[WhiteElo "2602"]
[BlackElo "2562"]
[Annotator "TA"]
[PlyCount "48"]
[EventDate "2020.10.10"]
[EventType "swiss"]
[EventCountry "GER"]
[SourceTitle "playchess.com"]
[Source "ChessBase"]
[SourceQuality "1"]

{[%evp 11,48,34,39,33,33,24,34,12,20,13,24,-14,-25,-29,-18,-19,-21,-19,-30,-26,-12,-14,-8,-8,50,0,0,0,14,-12,-12,-10,-9,-8,0,0,4,7,7]} 1. e4 c5 2. Nf3 d6 3. d4 cxd4 4. Nxd4 Nf6 5. Nc3 Bd7 6. Bg5 e6 7. Ndb5 {B56: Classical Sicilian: Unusual Lines.} Bxb5 {is now debated instead of 7...Bc6.} 8. Bxb5+ Nc6 {[#]} 9. Qe2 $146 {White is slightly better.} ({Predecessor:} 9. Qf3 Be7 10. e5 dxe5 11. Bxc6+ bxc6 12. Qxc6+ Kf8 13. O-O Qc8 14. Qf3 Rb8 15. Rab1 {0-1 (45) Vachier Lagrave,M (2780)-Carlsen,M (2872) London 2019}) 9... Be7 10. O-O-O Qc7 11. Bxf6 (11. g4 {is more complex.} a6 12. Bxc6+ bxc6 13. Kb1 O-O 14. Bc1) 11... Bxf6 12. Nd5 exd5 13. exd5+ {[%mdl 64] [#] Pin} Kf8 14. dxc6 bxc6 15. Ba4 $1 Rb8 16. c3 d5 {[#] aiming for ...Qf4+.} 17. Qf3 d4 (17... Qd8 $11) 18. cxd4 c5 {The position is equal.} 19. Rhe1 Bxd4 20. Bb3 (20. Rd2 {looks sharper.} g6 21. Rde2 Qb7 22. Qxb7 Rxb7 23. Bc6) 20... g6 21. Qg3 Qxg3 22. fxg3 Rb7 23. Re2 Kg7 24. Bc4 h5 {Av CentiPawn Loss W=-9/B=-6. Weighted=-7/-7} 1/2-1/2

[Event "CD Meyer Gedenkturnier 2020"]
[Site "Bremen"]
[Date "2020.10.15"]
[Round "6.3"]
[White "Kollars, Dmitrij"]
[Black "Koellner, Ruben Gideon"]
[Result "1/2-1/2"]
[WhiteElo "2588"]
[BlackElo "2337"]
[Annotator "TA"]
[PlyCount "60"]
[EventDate "2020.10.10"]
[EventType "swiss"]
[EventCountry "GER"]
[SourceTitle "playchess.com"]
[Source "ChessBase"]
[SourceQuality "1"]

{[%evp 9,60,25,24,24,27,31,38,29,27,19,21,13,22,19,18,19,25,21,29,16,27,13,18,16,36,27,31,25,45,25,25,20,74,17,171,163,152,141,158,0,0,0,0,0,0,0,0,0,0,0,0,0,0]} 1. e4 d6 2. d4 Nf6 3. f3 d5 4. e5 Nfd7 5. f4 c5 6. c3 {B07: Pirc Defence: Miscellaneous Systems.} Nc6 7. Nf3 cxd4 8. cxd4 {White is slightly better.} Nb6 {[#]} 9. h3 $146 ({Predecessor:} 9. Nc3 Bg4 10. Be3 e6 11. h3 Bf5 12. Kf2 Be7 13. Bd3 Bxd3 14. Qxd3 O-O 15. b3 {½-½ (51) Demchenko,A (2588)-Goganov,A (2608) Nizhnij Tagil 2014}) 9... Bf5 10. Bd3 Bxd3 11. Qxd3 e6 12. O-O Rc8 13. Nc3 {[%cal Bb1c3,Bc3e2,Be2g3][%mdl 32]} g6 14. a3 a6 15. b3 Qd7 16. Bd2 Na7 17. Ne2 Be7 18. g4 h5 $1 19. Ng3 hxg4 20. hxg4 Nc6 (20... Qc7 $11 {keeps the balance.}) 21. Kg2 (21. f5 $16) 21... a5 $2 (21... Kd8 $11 {and Black is okay.}) 22. Rh1 Rg8 23. Rh7 a4 {[#]} 24. Qb5 $2 (24. Rah1 $1 $16) 24... Nxe5 $1 $11 {The position is equal.} 25. Qxb6 Nxf3 26. Kxf3 Bd8 $1 {[%cal Rd8b6]} 27. Qb4 {Threatens to win with Rb1.} Be7 $1 {[%cal Re7b4]} 28. Qa5 {[#] And now Rb1 would win.} Bd8 $1 {[%cal Rd8a5]} 29. Qb4 {Hoping for Rb1.} Be7 $1 {[%cal Re7b4]} 30. Qb6 {Strongly threatening bxa4.} Bd8 $1 {Av CentiPawn Loss W=-13/B=-12. Weighted=-11/-15} 1/2-1/2

[Event "CD Meyer Gedenkturnier 2020"]
[Site "Bremen"]
[Date "2020.10.15"]
[Round "6.4"]
[White "Wachinger, Nikolas"]
[Black "Zwirs, Nico"]
[Result "*"]
[WhiteElo "2334"]
[BlackElo "2453"]
[Annotator "TA"]
[PlyCount "51"]
[EventDate "2020.10.10"]
[EventType "swiss"]
[EventCountry "GER"]
[SourceTitle "playchess.com"]
[Source "ChessBase"]
[SourceQuality "1"]

{[%evp 9,51,9,14,20,12,8,17,1,8,19,16,0,0,-10,33,22,37,0,21,10,42,59,66,63,42,29,5,9,16,0,0,-14,0,-41,-26,-39,-29,-54,-39,-38,-13,-36,0,-120]} 1. e4 c5 2. Nf3 e6 3. g3 Nc6 4. Bg2 Nf6 5. Qe2 e5 6. O-O {B40: Sicilian: 2...e6, Unusual lines.} Be7 7. d3 O-O 8. Nbd2 {[%cal Bb1d2,Bd2c4,Bc4e3][%mdl 32]} Re8 9. Nc4 d6 10. c3 h6 11. Nfd2 Bf8 12. Ne3 {[#]} Ne7 $146 ({Predecessor:} 12... b5 13. a4 b4 14. f4 Ba6 15. f5 Rb8 16. g4 bxc3 17. bxc3 Na5 18. c4 Nc6 {1-0 (99) Salomon,J (2485)-Vestby Ellingsen,M (2385) Norway 2019}) 13. f4 exf4 $1 14. gxf4 d5 15. e5 d4 16. exf6 Nf5 {[%mdl 64] [#] Pin} 17. Ne4 {And now Ng4 would win.} dxe3 18. Bxe3 {next fxg7 is good for White.} g6 19. Bf2 b6 {[%cal Bb7b6,Bb6b5][%mdl 32]} 20. Rad1 Bb7 21. Rfe1 Qc7 {[%mdl 1024] Black has compensation.} 22. Bg3 Rad8 23. Qf2 b5 24. Bf3 Qb6 25. a3 Qa6 26. b4 {Av CentiPawn Loss W=-14/B=-10. Weighted=-15/-10} (26. Qg2 $11 {keeps the balance.}) *

[Event "CD Meyer Gedenkturnier 2020"]
[Site "Bremen"]
[Date "2020.10.15"]
[Round "6.5"]
[White "Lubbe, Melanie"]
[Black "Schulze, Lara"]
[Result "1-0"]
[WhiteElo "2254"]
[BlackElo "2314"]
[Annotator "TA"]
[PlyCount "65"]
[EventDate "2020.10.10"]
[EventType "swiss"]
[EventCountry "GER"]
[SourceTitle "playchess.com"]
[Source "ChessBase"]
[SourceQuality "1"]

{[%evp 9,65,20,23,0,2,0,0,0,11,8,10,0,0,0,0,-10,14,-38,-21,-33,13,-47,-22,-27,0,0,0,0,0,-3,0,-10,-16,-29,-10,-36,-35,-23,16,-22,11,42,69,61,131,78,131,114,124,122,170,178,1093,1121,1306,1304,5756,5543]} 1. c4 e5 2. g3 c6 3. Nf3 e4 4. Nd4 d5 5. cxd5 Qxd5 6. Nc2 {A20: English Opening: 1...e5.} Nf6 7. Nc3 Qe5 8. Bg2 {The position is equal.} Be7 9. O-O O-O {[#]} 10. Ne3 $146 ({Predecessor:} 10. f4 exf3 11. Rxf3 c5 12. Ne3 Nc6 13. Qf1 Nd4 14. Rf4 Be6 15. b3 Rab8 16. Nc4 {0-1 (41) Grandelius,N (2649)-Giri,A (2790) Stavanger 2016}) 10... Re8 11. a3 Bf8 12. b4 Qh5 (12... a5 $5 {[%cal Ra5b4]} 13. Bb2 Qh5 $11) 13. f3 (13. d3 $11) 13... exf3 14. Bxf3 Qg6 (14... Ng4 {keeps more tension.} 15. Bxg4 Bxg4 16. Nxg4 Qxg4 17. Qb3 Qe6) 15. Ng2 (15. d4 $11) 15... Bg4 (15... a5 $5 {[%cal Ra5b4]} 16. b5 Bg4 $11) 16. Nf4 Qf5 17. Bg2 Qd7 18. h3 Bf5 19. Bb2 Na6 20. g4 Bg6 $1 21. Nxg6 hxg6 22. e3 Rad8 23. Rf2 Nc7 24. Qf1 {[#] Rxf6 is the strong threat.} Qd3 25. g5 Qxf1+ 26. Raxf1 Nh7 (26... Nh5 $14) 27. Ne4 ({White should play} 27. Rxf7 Re7 28. R7f2) 27... Ne6 ({Better is} 27... Rd7) 28. h4 $36 {[%mdl 2048] White has strong initiative.} Rd7 29. Bh3 a5 30. bxa5 Ra8 $2 {[#]} (30... Rc7 31. Bg2 Nc5) 31. Rxf7 $1 $18 {[%mdl 576] Remove Defender. White is clearly winning.} Rxf7 32. Bxe6 {[%mdl 64] Pin} Nf6 33. gxf6 {Av CentiPawn Loss W=-16/B=-94. Weighted=-13/-154} 1-0

[Event "CD Meyer Gedenkturnier 2020"]
[Site "Bremen"]
[Date "2020.10.15"]
[Round "6.6"]
[White "Reuker, Jari"]
[Black "Johansson, Linus"]
[Result "*"]
[WhiteElo "2399"]
[BlackElo "2492"]
[Annotator "RC"]
[PlyCount "67"]
[EventDate "2020.10.10"]
[EventType "swiss"]
[EventCountry "GER"]
[SourceTitle "playchess.com"]
[Source "ChessBase"]
[SourceQuality "1"]

1. Nf3 Nf6 2. c4 e6 3. g3 d5 4. b3 d4 5. e3 c5 6. exd4 cxd4 7. Bg2 Nc6 8. O-O Be7 9. Re1 O-O 10. Ne5 Nxe5 11. Rxe5 Qc7 12. Re1 Rb8 13. d3 b5 14. Bf4 Bd6 15. Bxd6 Qxd6 16. Nd2 Bd7 17. Qe2 Rfd8 18. Qe5 Qxe5 19. Rxe5 Be8 20. Rc5 Kf8 21. Nf3 a5 22. Rc1 a4 23. b4 a3 24. Rb1 bxc4 25. Rxc4 Bb5 26. Rxd4 Rdc8 27. Ne5 Rc2 28. Ra1 Ke7 29. Bf3 Rbc8 30. Nc4 Bxc4 31. dxc4 R8xc4 32. Rxc4 Rxc4 33. b5 Rb4 34. Rc1 *

[Event "CD Meyer Gedenkturnier 2020"]
[Site "Bremen"]
[Date "2020.10.15"]
[Round "6.7"]
[White "Grigorian, Spartak"]
[Black "Sreyas Payyappat"]
[Result "1-0"]
[WhiteElo "2433"]
[BlackElo "2144"]
[Annotator "TA"]
[PlyCount "41"]
[EventDate "2020.10.10"]
[EventType "swiss"]
[EventCountry "GER"]
[SourceTitle "playchess.com"]
[Source "ChessBase"]
[SourceQuality "1"]

{[%evp 18,41,10,8,12,0,23,16,22,29,27,33,46,43,49,31,43,27,21,13,422,419,428,419,412,414]} 1. d4 Nf6 2. Nf3 d5 3. c4 e6 4. g3 Bb4+ 5. Bd2 Be7 6. Bg2 c6 7. Qc2 O-O 8. O-O Nbd7 9. Rd1 b6 10. Bf4 Ba6 {E08: Closed Catalan: Main Line: 7 Qc2.} 11. Ne5 Nxe5 (11... Rc8 {is interesting.} 12. cxd5 cxd5 13. Nc6 Nh5 14. Be3 Nb8) 12. dxe5 Nd7 {The position is equal.} 13. cxd5 cxd5 14. e4 $1 {[%cal Re4d5]} Rc8 15. Nc3 d4 16. Rxd4 {[#] Strongly threatening Qa4.} Qc7 17. Rad1 $36 {[%mdl 2048] Black is under pressure.} Rfd8 18. h4 {[#]} Nxe5 $146 {[%mdl 8192]} (18... h6 $11) ({Predecessor:} 18... Nb8 19. Rxd8+ Rxd8 20. Rxd8+ Qxd8 21. Qd2 Qxd2 22. Bxd2 Nc6 23. f4 Bc5+ 24. Kh2 Nb4 {½-½ (31) Le,Q (2709)-Nakamura,H (2736) chess.com INT 2020}) 19. Rxd8+ $18 Rxd8 20. Rxd8+ Bxd8 21. Qa4 {Av CentiPawn Loss W=-5/B=-42. Weighted=-6/-104} 1-0